<?xml version="1.0" encoding="UTF-8"?>
<record
    xmlns:xsi="http://www.w3.org/2001/XMLSchema-instance"
    xsi:schemaLocation="http://www.loc.gov/MARC21/slim http://www.loc.gov/standards/marcxml/schema/MARC21slim.xsd"
    xmlns="http://www.loc.gov/MARC21/slim">

  <leader>00669nam a22002295a 4500</leader>
  <controlfield tag="003">OSt</controlfield>
  <controlfield tag="005">20170213145201.0</controlfield>
  <controlfield tag="008">170213s2016    ua     gr     000 f ara d</controlfield>
  <datafield tag="015" ind1=" " ind2=" ">
    <subfield code="a">2016 / 7403</subfield>
  </datafield>
  <datafield tag="020" ind1=" " ind2=" ">
    <subfield code="a">9789770933824</subfield>
  </datafield>
  <datafield tag="040" ind1=" " ind2=" ">
    <subfield code="a">EG-ScBUE</subfield>
    <subfield code="b">ara</subfield>
    <subfield code="c">EG-ScBUE</subfield>
  </datafield>
  <datafield tag="082" ind1="0" ind2="4">
    <subfield code="a">892.737</subfield>
    <subfield code="b">&#x645; &#x631; &#x627;</subfield>
    <subfield code="2">22</subfield>
  </datafield>
  <datafield tag="100" ind1="1" ind2=" ">
    <subfield code="a">&#x645;&#x631;&#x627;&#x62F;&#x60C; &#x623;&#x62D;&#x645;&#x62F;.</subfield>
    <subfield code="9">32395</subfield>
  </datafield>
  <datafield tag="245" ind1="1" ind2="0">
    <subfield code="a">&#x623;&#x631;&#x636; &#x627;&#x644;&#x625;&#x644;&#x647; /</subfield>
    <subfield code="c">&#x623;&#x62D;&#x645;&#x62F; &#x645;&#x631;&#x627;&#x62F;.</subfield>
  </datafield>
  <datafield tag="250" ind1=" " ind2=" ">
    <subfield code="a">&#x637;. 5.</subfield>
  </datafield>
  <datafield tag="260" ind1=" " ind2=" ">
    <subfield code="a">&#x627;&#x644;&#x642;&#x627;&#x647;&#x631;&#x629; :</subfield>
    <subfield code="b">&#x62F;&#x627;&#x631; &#x627;&#x644;&#x634;&#x631;&#x648;&#x642;&#x60C;</subfield>
    <subfield code="c">2016.</subfield>
  </datafield>
  <datafield tag="300" ind1=" " ind2=" ">
    <subfield code="a">408 &#x635;. &#x61B;</subfield>
    <subfield code="c">20 &#x633;&#x645;.</subfield>
  </datafield>
  <datafield tag="650" ind1=" " ind2="7">
    <subfield code="a">&#x627;&#x644;&#x642;&#x635;&#x635; &#x627;&#x644;&#x639;&#x631;&#x628;&#x64A;&#x629;</subfield>
    <subfield code="z">&#x645;&#x635;&#x631;</subfield>
    <subfield code="y">&#x627;&#x644;&#x642;&#x631;&#x646;21.</subfield>
    <subfield code="2">BUEsh</subfield>
  </datafield>
  <datafield tag="651" ind1=" " ind2=" ">
    <subfield code="2">BUEsh</subfield>
  </datafield>
  <datafield tag="653" ind1=" " ind2=" ">
    <subfield code="b">ARALIT</subfield>
    <subfield code="b">GGEN</subfield>
    <subfield code="c">February2017</subfield>
  </datafield>
  <datafield tag="942" ind1=" " ind2=" ">
    <subfield code="2">ddc</subfield>
  </datafield>
  <datafield tag="999" ind1=" " ind2=" ">
    <subfield code="c">24140</subfield>
    <subfield code="d">24112</subfield>
  </datafield>
  <datafield tag="952" ind1=" " ind2=" ">
    <subfield code="0">0</subfield>
    <subfield code="1">0</subfield>
    <subfield code="2">ddc</subfield>
    <subfield code="4">0</subfield>
    <subfield code="7">0</subfield>
    <subfield code="8">Alahram</subfield>
    <subfield code="a">MAIN</subfield>
    <subfield code="b">MAIN</subfield>
    <subfield code="c">2ND</subfield>
    <subfield code="d">2017-02-13</subfield>
    <subfield code="e">Purchase</subfield>
    <subfield code="g">50.00</subfield>
    <subfield code="h">21039</subfield>
    <subfield code="o">892.737 &#x645; &#x631; &#x627;</subfield>
    <subfield code="p">000045436</subfield>
    <subfield code="q">2020-03-14</subfield>
    <subfield code="r">2019-09-05 00:00:00</subfield>
    <subfield code="s">2019-09-05</subfield>
    <subfield code="v">62.50</subfield>
    <subfield code="y">BB</subfield>
  </datafield>
</record>
